Použité baterie. Odpad nebo komodita?

Trend využívania lithiových batérií pre skladovanie energie. Vylepšovanie batérií v pomere cena/výkon. Životný cyklus batérií.

Gespeichert in:
Bibliographische Detailangaben
1. Verfasser: Gaman, Petr
Format: Buchkapitel
Sprache:Tschechisch
Schlagworte:
Tags: Tag hinzufügen
Keine Tags, Fügen Sie das erste Tag hinzu!

MARC

LEADER 00000naa a2200000 4500
001 0281035
005 20260326123937.0
041 0 |a cze 
044 |a CZ 
245 1 0 |a Použité baterie. Odpad nebo komodita?  |c Petr Gaman 
520 |a Trend využívania lithiových batérií pre skladovanie energie. Vylepšovanie batérií v pomere cena/výkon. Životný cyklus batérií. 
610 2 0 |a ekológia 
610 2 0 |a hospodárnosť 
610 2 0 |a energia 
610 2 0 |a zdroje energie 
610 2 0 |a elektromobily 
610 2 0 |a batérie elektrické 
100 1 |a Gaman, Petr